Statistics for World Leaders Who Have Addressed UK Parliament

Click here to take the quiz!

General Stats

  • This quiz has been taken 25 times
  • The average score is 22 of 57

Answer Stats

YearTitleLeader% Correct
2023President of UkraineVolodymyr Zelenskyy
90%
2022President of UkraineVolodymyr Zelenskyy
90%
2014Chancellor of GermanyAngela Merkel
85%
1993President of South Africa*Nelson Mandela
85%
1996President of South AfricaNelson Mandela
85%
1960President of FranceCharles de Gaulle
80%
2015President of ChinaXi Jinping
75%
2011President of the United StatesBarack Obama
70%
2010PopeBenedict XVI
65%
1995President of the United StatesBill Clinton
65%
1982President of the United StatesRonald Reagan
65%
1992President of RussiaBoris Yeltsin
60%
1993General Secretary of the Communist Party of the Soviet Union*Mikhail Gorbachev
60%
1984General Secretary of the Communist Party of the Soviet Union*Mikhail Gorbachev
60%
2015Prime Minister of IndiaNarendra Modi
55%
2017King of SpainFelipe VI
50%
1984President of FranceFrançois Mitterrand
50%
1954Emperor of EthiopiaHaile Selassie
50%
1986King of SpainJuan Carlos I
50%
1956First Secretary of the Communist Party of the Soviet UnionNikita Khrushchev
50%
2008President of FranceNicolas Sarkozy
45%
2013Prime Minister of CanadaStephen Harper
45%
1970Chancellor of West GermanyWilly Brandt
45%
1996President of FranceJacques Chirac
40%
2007Secretary-General of the United Nations*Kofi Annan
40%
2007Taoiseach of IrelandBertie Ahern
35%
2014President of IrelandMichael D. Higgins
35%
2018King of the NetherlandsWillem-Alexander
35%
2022President of South AfricaCyril Ramaphosa
30%
1989President of NicaraguaDaniel Ortega
30%
2016President of IndonesiaJoko Widodo
30%
2008President of IsraelShimon Peres
30%
1986Prime Minister of IsraelShimon Peres
30%
1976President of FranceValéry Giscard d'Estaing
30%
2012State Counsellor of Myanmar*Aung San Suu Kyi
25%
2015President of MexicoEnrique Peña Nieto
25%
2009President of MexicoFelipe Calderón
20%
2000Prime Minister of AustraliaJohn Howard
20%
2013President of MalawiJoyce Banda
20%
2016President of ColombiaJuan Manuel Santos Calderón
20%
2013President of South KoreaPark Geun-hye
20%
2012Emir of KuwaitSabah Al-Ahmad Al-Jaber Al-Sabah
20%
1996Dalai LamaTenzin Gyatso
20%
1966Secretary-General of the United NationsU Thant
20%
1944Prime Minister of CanadaWilliam Lyon Mackenzie King
20%
1939President of FranceAlbert Lebrun
15%
1998President of ArgentinaCarlos Menem
15%
1942Prime Minister of South AfricaJan Christiaan Smuts
15%
1956Premier of the Soviet UnionNikolai Bulganin
15%
1986President of West GermanyRichard von Weizsäcker
15%
2012President of IndonesiaSusilo Bambang Yudhoyono
15%
2014President of SingaporeTony Tan Keng Yam
15%
1967Premier of the Soviet UnionAlexei Kosygin
10%
1990President of ItalyFrancesco Cossiga
10%
1969President of ItalyGiuseppe Saragat
10%
1993President of PortugalMário Soares
10%
1950President of FranceVincent Auriol
10%

Score Distribution

Percentile by Number Answered

Percent of People with Each Score

Your Score History

You have not taken this quiz